00814 2200301 4500001002100000005001500021035002000036007000300056040001700059245004700076250001000123300003500133041000800168082001000176090002300186264004400209336002100253337003000274338002300304650001300327850001000340008004100350100003100391020001800422504003000440990002100470990002100491INLIS00000000000902020260511095931 a0010-1022000395ta aSBPUPADbind1 aLatiha Beladiri Praktis /cJoan M. Nelson; acet.2 axii, 190 hlm. :bilus. ;c26cm0 aeng a796.8 a598.900 STA i 15-6 aJakarta :bRajaGraffindo Persada,c2001 2rdacontentateks 2rdamediaatanpa perantara 2rdacarrieravolume 4aolahraga aPUPAD260511 0 0 aJoan M. Nelson;ePengarang a979-421-640-2 abibiliografi, 189-190 hlm a602/Br/KAPD 2011 a603/Br/KAPD 2011